000 00469nam a2200169Ia 4500
003 GCL
008 140319s9999 xx 000 0 ara d
040 _aGCL /
_cGCL
082 0 4 _a624.2
_bم ك
100 1 _aمحمود حلمى
245 1 0 _aالكبارى الخرسانية /
_cمحمود حلمى
260 _a[S.N] :
_bدار الراتب الجامعية ،
_c1986
300 _a64 ص
490 _a
650 0 4 _aهندسة الكبارى
942 _2ddc
_cBK
999 _c57617
_d57617